Normal view
MARC view
- Doublry SPY
Entry Topical Term
001 - CONTROL NUMBER
- control field: 110076
003 - CONTROL NUMBER IDENTIFIER
- control field: NUST
005 - DATE AND TIME OF LATEST TRANSACTION
- control field: 20230309130949.0
008 - FIXED-LENGTH DATA ELEMENTS
- fixed length control field: 230309|| aca||aabn | a|a d
040 ## - CATALOGING SOURCE
- Original cataloging agency: NUST
- Transcribing agency: NUST
150 ## - HEADING--TOPICAL TERM
- Topical term or geographic name entry element: Doublry SPY
670 ## - SOURCE DATA FOUND
- Source citation: Work cat.: (NUST): Kaledin, Victor K. 110075, K.14-O.M.66 :, 1937
